Bezirke Österreichs, die an Tschechien Grenzen - Statistiken

Allgemein
  • Dieses Quiz wurde 41 mal gespielt
  • Das Durchschnittsergebnis liegt bei 7 aus 9
Antwortstatistiken
Bundesland Länge Bezirk % Korrekt
Niederösterreich 56.2 km Hollabrunn
89%
Oberösterreich 37.7 km Freistadt
82%
Niederösterreich 96.7 km Gmünd
82%
Niederösterreich 15.6 km Horn
82%
Niederösterreich 87.2 km Mistelbach
82%
Oberösterreich 46.0 km Rohrbach
82%
Oberösterreich 21.1 km Urfahr-Umgebung
75%
Niederösterreich 4.53 km Gänserndorf
71%
Niederösterreich 41.9 km Waidhofen an der Thaya
64%
Keine übereinstimmenden Quizze gefunden
Verteilung der Resultate
Anzahl Personen mit jedem Resultat
Perzentil nach korrekt beantworteten Fragen
Ihre Resultats-Entwicklung
Sie haben dieses Quiz noch nicht gespielt